Normal view
MARC view
- Mathematical tables
Entry Topical Term
001 - CONTROL NUMBER
- control field: 102202
003 - CONTROL NUMBER IDENTIFIER
- control field: NUST
005 - DATE AND TIME OF LATEST TRANSACTION
- control field: 20221101131827.0
008 - FIXED-LENGTH DATA ELEMENTS
- fixed length control field: 221101|| aca||aabn | a|a d
040 ## - CATALOGING SOURCE
- Original cataloging agency: NUST
- Transcribing agency: NUST
150 ## - HEADING--TOPICAL TERM
- Topical term or geographic name entry element: Mathematical tables
670 ## - SOURCE DATA FOUND
- Source citation: Work cat.: (NUST)180040: Pryde, James, Mathematical Tables /, 1915
